000 00329nam a2200157Ia 4500
100 _aChandran/R
942 _cBK
366 _f15
654 _aBusiness
245 _aInternational Business
260 _bJaico Publishing House
_aMumbai
_c2005
082 _a658.1149/CHA
300 _a271
546 _aENGLISH
999 _c22083
_d22083